000
00320nam a2200133Ia 4500
008
150301s2015 xx 000 0 und d
082
_a
615.7
_b
B12K
100
_a
J.S. KULKARNI
245
_a
BIOPHARMACEUTICS & PHARMACOKINETICS
260
_b
CBS- DELHI
300
_a
300
650
_a
PHARMACEUTICS
942
_2
ddc
_c
BK
_0
2
999
_c
7088
_d
7088